Sledovanie rodinných účtov v krajinách Európskej únie

Viacúčelové zisťovanie charakterizujúce sledovanie rodinných účtov (RÚ). Využívanie RÚ. Homogenizácia a organizačná integrácia RÚ v krajinách EÚ v rámci Eurostatu, pracovná skupina Family Budgets. Všeobecné východiská zisťovania RÚ, základné pojmy (domácnosť, prednosta domácnosti, manželský pár, die...

Full description

Saved in:
Bibliographic Details
Main Author: Cár, Mikuláš
Format: Book Chapter
Language:Slovak
Subjects:
Tags: Add Tag
No Tags, Be the first to tag this record!

MARC

LEADER 00000naa a2200000 4500
001 r024628
005 20221129134026.5
041 0 |a slo 
044 |a CZ 
245 1 0 |a Sledovanie rodinných účtov v krajinách Európskej únie  |c M. Cár 
520 |a Viacúčelové zisťovanie charakterizujúce sledovanie rodinných účtov (RÚ). Využívanie RÚ. Homogenizácia a organizačná integrácia RÚ v krajinách EÚ v rámci Eurostatu, pracovná skupina Family Budgets. Všeobecné východiská zisťovania RÚ, základné pojmy (domácnosť, prednosta domácnosti, manželský pár, dieťa, člen domácnosti). Výber domácností a periodicita zisťovania RÚ. Obsahová stránka RÚ (základné sociálno-demografické charakteristiky domácností, spotreba a výdavky, príjmy domácností a ich zisťovanie). Vedenie a obsah denníkov v jednotlivých krajinách. 
610 2 0 |a účty rodinné 
610 2 0 |a zisťovanie štatistické 
610 2 0 |a Európska únia 
610 2 0 |a západná Európa 
610 2 0 |a Eurostat 
610 2 0 |a zber dát 
610 2 0 |a pojmy 
100 1 |a Cár, Mikuláš